La percepción de lo político en Costa Rica /
Gardado en:
| Autor Principal: | |
|---|---|
| Outros autores: | , |
| Formato: | Desconocido |
| Publicado: |
Heredia:
Editorial Fundación UNA
|
| Materias: | |
| Etiquetas: |
Engadir etiqueta
Sen Etiquetas, Sexa o primeiro en etiquetar este rexistro!
|
MARC
| LEADER | 00000 a2200000 04500 | ||
|---|---|---|---|
| 001 | 10859 | ||
| 003 | |||
| 008 | 991231s d | ||
| 040 | |||
| 090 | |a 137505 | ||
| 100 | |a Jiménez M, Alexander | ||
| 245 | |a La percepción de lo político en Costa Rica / |c Alexander Jiménez M. | ||
| 260 | |a Heredia: |b Editorial Fundación UNA | ||
| 300 | |a 282 p. | ||
| 650 | |a CRISIS POLITICA | ||
| 650 | |a MARCO INSTITUCIONAL | ||
| 650 | |a SOCIEDAD CIVIL | ||
| 650 | |a ELECCIONES | ||
| 650 | |a CORRUPCION | ||
| 650 | |a ADMINISTRACION PUBLICA | ||
| 700 | |a | ||
| 700 | |a Oyamburu, Jesús | ||
| 700 | |a | ||
| 700 | |a González, Miguel Angel | ||
| 700 | |a | ||
| 999 | |c 7661 |d 7661 | ||
